000
00217nam a22000977a 4500
082
_a
005.3 WRI'S
245
_a
WRITING FCODE PROGRAMS , VERSION 2.X
260
_a
USA
_b
SUNSOFT
_c
1994
300
_a
XVI,414P
942
_c
BK
999
_c
575366
_d
575366